PAC 12 Mens Basketball All-time Wins - Statistics

General Stats
  • This quiz has been taken 45 times
  • The average score is 10 of 14
Answer Stats
Wins Teams % Correct
1766 UCLA
100%
1647 Washington
89%
1574 California
84%
1492 Oregon
84%
1486 Oregon St
84%
904 Arizona
79%
627 Arizona St
79%
1451 Southern Cal
76%
1471 Stanford
76%
1423 Washington St
74%
115 Utah
66%
125 Colorado
61%
51 Montana
16%
415 Idaho
8%
No matching quizzes found
Score Distribution
Percent of People with Each Score
Percentile by Number Answered
Your Score History
You have not taken this quiz